MARC

LEADER 00000nbm2a2200000 4500
001 684314
005 20260218163907.0
090 |a 684314 
100 |a 20260120f1895 km|y0rusy50 ca 
101 0 |a rus  |a ger 
102 |a RU 
105 |a y z 000yy 
181 0 |a i   |b  e  
182 0 |a n 
183 0 |a nc  |2 RDAcarrier 
200 0 |a Тетрадь 1 : Пробные рецепты А. Красовского с сентября 1895 
203 |a Текст  |b визуальный  |c непосредственный 
210 1 |d 1895 
215 |a VI, 63 с.  |c [1 вк. л.]  |e 1 л. фирменного бланка Баденской анилиновой и содовой фабрики, отделение в России от 13 ноября 1895 г. Лаки для вытравки 
283 |a volume  |2 RDAcarrier 
461 1 |0 684302  |9 684302  |t Рецепты для окрашивания тканей и образцы тканей  |o [рукопись]  |d [1895-1900]  |v Тетрадь 1 : Пробные рецепты А. Красовского с сентября 1895 
606 |a Текстильные материалы  |x Крашение  |9 76508 
610 1 |a ткани 
610 1 |a окрашивание 
610 1 |a рецепты 
610 1 |a составы 
610 1 |a краски 
610 1 |a красители 
610 1 |a рукописные материалы 
675 |a 677.027  |v 4 
700 1 |a Красовский  |b А. 
801 0 |a RU  |b 63413507  |c 20260120 
830 |a Ретро2026Каталогизация Кузнецова (РФ) 
850 |a 63413507 
942 |c BK